Together science solution X (Record no. 7094)

MARC details
000 -LEADER
fixed length control field 00218nam a22000857a 4500
008 - FIXED-LENGTH DATA ELEMENTS--GENERAL INFORMATION
fixed length control field 170626b xxu||||| |||| 00| 0 eng d
100 ## - MAIN ENTRY--PERSONAL NAME
9 (RLIN) 3679
Personal name Rangarajan. K
245 ## - TITLE STATEMENT
Title Together science solution X
260 ## - PUBLICATION, DISTRIBUTION, ETC. (IMPRINT)
Place of publication, distribution, etc. New delhi
Date of publication, distribution, etc. 2002
Holdings
Withdrawn status Lost status Source of classification or shelving scheme Damaged status Koha normalized classification for sorting Not for loan Home library Current library Shelving location Date acquired Total Checkouts Full call number Barcode Date last seen Price effective from Koha item type
    Dewey Decimal Classification   500_000000000000000   Good Samaritan School Library Good Samaritan School Library Science 06/26/2017   500 RAN7555 06/26/2017 06/26/2017 BOOK

Powered by Koha